Dôležitá investícia, ktorá sa určite vráti začala sa realizovať prístavba a nadstavba Štátneho ústavu pre kontrolu liečiv

Bibliographic Details
Main Author: Žiaková, Magda (Author)
Format: Article
Language:Slovak
ISSN:1335-4477
Subjects:

MARC

LEADER 00000nab a2200000 a 4500
001 vtls000848019
003 SK-MaSNL
005 20260305015338.0
008 140303c2003 xo 0 slo
015 |a SNBRB2003/10-28059 
035 |a CLN000199674 
040 |a SNKBUCL  |b slo  |c SNKBUCL  |e AACR2 
041 0 |a slo 
044 |a xo  |c SK 
080 |a 614.35:061.64(437.6):725.51  |2 1997 
080 |a 725.51:614.35:061.64(437.6)  |2 1997 
100 1 |a Žiaková, Magda  |4 aut  |9 839575 
245 1 0 |a Dôležitá investícia, ktorá sa určite vráti  |b začala sa realizovať prístavba a nadstavba Štátneho ústavu pre kontrolu liečiv  |c Magda Žiaková 
610 2 7 |a Štátny ústav pre kontrolu liečiv (Slovensko)  |2 snkbucl  |9 33387 
655 7 |a články z novín a časopisov  |2 snkbucl  |9 267496 
773 0 |t Zdravotnícke noviny  |g Roč. 8, č. 35 (2003), s. 6  |x 1335-4477 
850 |a Slovenská národná knižnica v Martine 
852 |a SNK  |b KIS3GCP 
958 |a MI 
958 |a SK 
992 |a RBX 
999 |c 3274442  |d 3276372